<?xml version="1.0" encoding="UTF-8"?>
<collection xmlns="http://www.loc.gov/MARC21/slim">
 <record>
  <leader>01353nmm a2200241   4500</leader>
  <controlfield tag="001">1/51346</controlfield>
  <controlfield tag="008">070216s1996    fr     f   ia       eng  </controlfield>
  <datafield tag="020" ind1=" " ind2=" ">
   <subfield code="a">285229292X</subfield>
  </datafield>
  <datafield tag="035" ind1=" " ind2=" ">
   <subfield code="l">34543</subfield>
  </datafield>
  <datafield tag="040" ind1=" " ind2=" ">
   <subfield code="a">GR-PeUP</subfield>
  </datafield>
  <datafield tag="082" ind1="0" ind2="0">
   <subfield code="a">CD-ROM 034.1 ENC</subfield>
  </datafield>
  <datafield tag="245" ind1="0" ind2="4">
   <subfield code="a">Encyclopaedia Universalis:</subfield>
   <subfield code="b">AZ texte integral</subfield>
   <subfield code="h">[interactive multimedia].</subfield>
  </datafield>
  <datafield tag="250" ind1=" " ind2=" ">
   <subfield code="a">Version 2.0</subfield>
  </datafield>
  <datafield tag="256" ind1=" " ind2=" ">
   <subfield code="a">Computer file.</subfield>
  </datafield>
  <datafield tag="260" ind1="0" ind2=" ">
   <subfield code="a">[Paris]:</subfield>
   <subfield code="b">Encyclopaedia Universalis ,</subfield>
   <subfield code="c">c1996.</subfield>
  </datafield>
  <datafield tag="300" ind1=" " ind2=" ">
   <subfield code="a">1 οπτικός δίσκος λέιζερ Η/Υ:</subfield>
   <subfield code="b">έγχρ.;</subfield>
   <subfield code="c">4 3/4 ίν. +</subfield>
   <subfield code="e">2 οπτικοί δίσκοι λέιζερ Η/Υ</subfield>
  </datafield>
  <datafield tag="500" ind1=" " ind2=" ">
   <subfield code="a">Περιέχει: Kompakt Brockhaus multimedial: das digitale lexikon von A bis Z, Mannheim: F. A. Brockhaus, c1996 (1 CD-ROM).</subfield>
  </datafield>
  <datafield tag="500" ind1=" " ind2=" ">
   <subfield code="a">Περιέχει: Duden multimedia Meyer: wissen, was spass macht, demo - version, hybrid (1 CD-ROM).</subfield>
  </datafield>
  <datafield tag="538" ind1=" " ind2=" ">
   <subfield code="a">Ελάχιστες απαιτήσεις: Microsoft Windows 95 ή NT, IBM PC ή άλλο συμβατό PC (486 ή ταχύτερο), 8MB μνήμη, 2 X CD-ROM, Super - VGA κάρτα γραφικών με 256 ΜΒ μνήμη, κάρτα ήχου.</subfield>
  </datafield>
  <datafield tag="650" ind1=" " ind2="4">
   <subfield code="a">Electronic encyclopaedia.</subfield>
  </datafield>
  <datafield tag="650" ind1=" " ind2="4">
   <subfield code="a">Encyclopedias and dictionaries, French.</subfield>
  </datafield>
  <datafield tag="650" ind1=" " ind2="4">
   <subfield code="a">CD-ROMs.</subfield>
  </datafield>
  <datafield tag="852" ind1=" " ind2=" ">
   <subfield code="a">INST</subfield>
   <subfield code="b">UNIPILB</subfield>
   <subfield code="c">MMEDIA</subfield>
   <subfield code="e">20070221</subfield>
   <subfield code="h">CD-ROM 034.1 ENC</subfield>
   <subfield code="p">00152182</subfield>
   <subfield code="q">00152182</subfield>
   <subfield code="t">LOAN</subfield>
   <subfield code="y">0</subfield>
   <subfield code="4">1</subfield>
  </datafield>
 </record>
</collection>
